Blue Lock : Equipe de la Neo Egoist League - Statistiques

Statistiques générales
  • Ce quiz a été pris 327 fois
  • Le résultat moyen est 28 sur 96
Statistiques - réponses
Équipe Poste Joueur % Correct
BastardMunchen GK Gin Gagamaru
85%
Organisateur Coach U20 Jinpachi Ego
85%
Bastard Munchen MOD/ST Yoichi Isagi
85%
Bastard Munchen Coach Noel Noa
83%
Bastard Munchen ST Michael Kaiser
81%
Paris X Gen ST Itoshi Rin
76%
Manshine City MOD/MOC Seishiro Nagi
71%
Bastard Munchen MOC/MOD Alexis Ness
70%
Paris X Gen ST Ryusei Shido
70%
Paris X Gen Coach Julian Loki
69%
Manshine City MC/MDC Mikage Reo
69%
FC Barcha AG/ST Meguru Bachira
68%
Manshine City MOG/MOC Hyoma Chigiri
67%
Bastard Munchen ST/MDC Rensuke Kunigami
67%
Ubers ST Shoei Baro
67%
Bastard Munchen DD/MOG Yo Hiori
65%
Manshine City Coach Chris Prince
60%
Ubers DC Oliver Aiku
60%
Bastard Munchen DD Ranze Kurona
59%
Ubers DC/MC Don Lorenzo
58%
FC Barcha AD Eita Otoya
58%
Bastard Munchen MDC Jingo Raichi
58%
Paris X Gen MC Tabito Karasu
58%
Ubers MDC/MOC Ikki Niko
57%
Ubers Coach Marc Snuffy
56%
Paris X Gen MOC/MOD Chevalier Charles
55%
Bastard Munchen DG/MOG Kenyu Yukimiya
54%
FC Barcha Coach Lavinho
53%
Ubers DC Jyubei Aryu
49%
Ubers MOC Shuto Sendo
45%
Paris X Gen MD/DD Tsurugi Zantetsu
45%
Paris X Gen MG/DG Nijiro Nanase
42%
Manshine City ST Agi
39%
Paris X Gen MC Aoshi Tokimitsu
36%
Bastard Munchen DD Igarashi
35%
Bastard Munchen DG Kiyora Jin
34%
Bastard Munchen MOG Grim
31%
Ubers GK Gen Fukaku
29%
Bastard Munchen Reserve Teppei Neru
23%
FC Barcha DG Miroku Darai
20%
Manshine City MDC Junichi Wanima
19%
Manshine City DC Kazuma Nio
18%
Bastard Munchen MC/MDC Ali
15%
Manshine City MOC Hajime Nishioka
14%
Paris X Gen Reserve Kento Cho
14%
Bastard Munchen DC Mensah
14%
Manshine City MC/MDC Reiji Hiiragi
14%
Bastard Munchen DC Birkenstock
13%
Bastard Munchen MOD Gesner
13%
Paris X Gen GK Renoir
13%
Ubers MC/MG Drago
12%
FC Barcha AG Lara
12%
Paris X Gen DC Chapa
11%
Bastard Munchen GK Bachman
10%
FC Barcha MDC Hayate Haru
10%
FC Barcha AD Kitsunezato Teru
10%
Paris X Gen DC Michelin
10%
Paris X Gen DC Gabin
9%
FC Barcha MC Picasso
9%
Manshine City MG/DG Arthur
8%
FC Barcha ST/AD Himizu Aiki
8%
FC Barcha GK Moro
8%
Bastard Munchen DD Ndiaye
8%
FC Barcha DC Ruiz
8%
Bastard Munchen DG Sachs
8%
Ubers Reserve Shingen Tanaka
8%
Ubers Reserve Yukio Ishikari
8%
Ubers MG/DG Abdi
7%
FC Barcha DD Bos
7%
Manshine City DC Busby
7%
Ubers GK Canali
7%
Paris X Gen Reserve Haruhiko Yuzu
7%
Ubers Reserve Kyohei Shiguma
7%
Ubers MC/MD Peron
7%
Ubers MD/DD Rico
7%
Manshine City GK Rook
7%
FC Barcha Reserve Sokura Tetsu
7%
Manshine City MD/DD Swift
7%
Paris X Gen MDC Cousin
6%
Manshine City DC Damon
6%
Paris X Gen Reserve Endoji Akira
6%
FC Barcha MC Gomez
6%
FC Barcha ST Haiji Shizuka
6%
Paris X Gen MC Poussin
6%
Manshine City Reserve Saramadara Kairu
6%
FC Barcha DG So
6%
FC Barcha DC Uraziz
6%
Paris X Gen MD Debussy
5%
Manshine City MC Driver
5%
FC Barcha MDC Espesso
5%
Paris X Gen MDC Ohana
5%
FC Barcha MDC Wakatsuki Itsuki
5%
Paris X Gen MG Domenech
4%
Manshine City Reserve Tsunzaki Taiga
4%
Manshine City DC Young
4%
Paris X Gen MDC Cucuron
3%
Aucun quiz correspondant
Distribution des résultats
% des personnes avec chaque résultat
Percentile par nombre de réponses
Votre historique - résultats
Vous n’avez pas pris ce quiz